Railway Stations in Great Britain Starting With Y - Statistics

General Stats
  • This quiz has been taken 29 times
  • The average score is 7 of 15
Answer Stats
County Passengers (2024/2025) Station % Correct
North Yorkshire 10,464,102 York
100%
Somerset 221,442 Yeovil Junction
62%
Somerset 169,742 Yeovil Pen Mill
62%
North Yorkshire 145,970 Yarm
54%
Gloucestershire 359,704 Yate
54%
Somerset 527,348 Yatton
54%
Caerphily 222,144 Ystrad Mynach
46%
West Midlands 409,064 Yardley Wood
38%
Dorset 7,088 Yetminster
38%
Rhondda Cynon Taf 55,836 Ystrad Rhondda
38%
Devon 19,890 Yeoford
31%
West Dunbartonshire 202,332 Yoker
31%
Shropshire 8,554 Yorton
31%
Kent 42,188 Yalding
23%
Rhondda Cynon Taf 2,538 Ynyswen
23%
No matching quizzes found
Score Distribution
Percent of People with Each Score
Percentile by Number Answered
Your Score History
You have not taken this quiz